Leyendas / (Registro nro. 9078)

Detalles MARC
000 -LIDER
fixed length control field 00995nam a22003137a 4500
001 - NÚMERO DE CONTROL
Identificador de número de control 00260
003 - IDENTIFICACDOR DE NÚMERO DE CONTROL
control field DO-SdBNP
005 - DATE AND TIME OF LATEST TRANSACTION
control field 20180130111456.0
008 - ELEMENTOS DE LONGITUD FIJA
fixed length control field 151209b 1986 sp 00| 0 spa d
020 ## - ISBN
International Standard Book Number 8420617458
040 ## - FUENTE DE CATALOGACIÓN
Agencia que crea de manera original el registro BPMSU
Idioma de catalogación spa
Agencia que realiza la transcripción BPMSU
092 ## - LOCALLY ASSIGNED DEWEY DECIMAL CALL NUMBER
Número de clasificación xxxxx
Número de ítem (Cutter) xxxxx
100 1# - ASIENTO PRINCIPAL -- NOMBRE PERSONAL
Nombre personal Bécquer, Gustavo Adolfo,
Fechas asociadas con el nombre 1836-1870.
245 10 - MENCIÓN DE TITULO
Título Leyendas /
Mención de responsabilidad Gustavo Adolfo Bécquer ; introducción de Jorge Campos.
250 ## - MENCIÓN DE EDICION
Mención de edición 4a. reimpr.
260 ## - PUBLICACIÓN, DISTRIBUCIÓN, ETC. (PIE DE IMPRENTA)
Lugar de publicación, distribución, etc Madrid :
Nombre del editor, distribuidor, etc. Alianza Editorial
Fecha de publicación, distribución, etc 1979.
Fecha de impresión 1986.
300 ## - DESCRIPCIÓN FÍSICA
Extensión 314 p. ;
Dimensiones 18 cm.
490 1# - MENCIÓN DE SERIES
Mención de serie El Libro de bolsillo
Volume/sequential designation 745
490 1# - MENCIÓN DE SERIES
Mención de serie Clásicos
500 ## - NOTA GENERAL
Nota general Incluye datos biográficos del autor en la solapa de la contracubierta
500 ## - NOTA GENERAL
Nota general Incluye referencias bibliográficas y notas al pie de las páginas.
700 12 - ASIENTO SECUNDARIO -- NOMBRE PERSONAL
Nombre personal Campos, Jorge,
Mención de responsabilidad int.
830 #0 - ASIENTO SECUNDARIO DE SERIE--TÍTULO UNIFORME
Título uniforme El Libro de bolsillo
Número de la parte o sección de una obra 745
830 #0 - ASIENTO SECUNDARIO DE SERIE--TÍTULO UNIFORME
Título uniforme Clásicos
910 ## - VALIDACIÓN
Validación 00260
942 ## - ADDED ENTRY ELEMENTS (KOHA)
Source of classification or shelving scheme Dewey Decimal Classification
Koha item type Libros
945 ## - INFORMACIÓN DE PROCESAMIENTO LOCAL
Información de procesamiento local Inventariado, 2018/ YL
956 ## - LOCAL ELECTRONIC LOCATION AND ACCESS (OCLC)
Nombre de host Lorenza Pérez
Número de acceso 10
Información de compresión BPMSU
Existencias
Withdrawn status Lost status Source of classification or shelving scheme Damaged status Not for loan Collection code Home library Current library Date acquired Source of acquisition Total Checkouts Barcode Date last seen Price effective from Koha item type
    Dewey Decimal Classification     Colección General Biblioteca Pública Metropolitana Salomé Ureña Biblioteca Pública Metropolitana Salomé Ureña 12/09/2015 Donación   BPMSU15120116 12/09/2015 12/09/2015 Libros